| 000 | 00602nam a2200265Ia 4500 | ||
|---|---|---|---|
| 008 | 181129s9999 xx 000 0 und d | ||
| 020 | _a9780545935210 | ||
| 050 | _bP639 2017 | ||
| 100 | _aPilkey, Dav | ||
| 245 | 2 | _aA tale of two kitties / | |
| 245 | 0 | _cby Dav Pilkey. | |
| 260 | _aNew York, NY : | ||
| 260 | _bScholastic, | ||
| 260 | _c2017 | ||
| 300 | _a253 pages : | ||
| 300 | _bcolor illustrations ; | ||
| 300 | _c22cm. | ||
| 440 | _aDog man ; | ||
| 440 | _v3 | ||
| 650 | _aDogs. | ||
| 650 | _aGraphic novels. | ||
| 650 | _aPolice. | ||
| 700 | _aSeries. | ||
| 700 | _aTitle. | ||
| 999 |
_c360126 _d360126 |
||